Central Library OPAC University of Rajshahi

Encouraging community development : (Record no. 34592)

MARC details
000 -LEADER
fixed length control field 00946cam a22002771 4500
001 - CONTROL NUMBER
control field 34592
003 - CONTROL NUMBER IDENTIFIER
rucl marc code BD-RjUL
005 - DATE AND TIME OF LATEST TRANSACTION
control field 20211209052202.0
008 - FIXED-LENGTH DATA ELEMENTS--GENERAL INFORMATION
fixed length control field 140518s19761968i b 00110 eng d
035 ## - SYSTEM CONTROL NUMBER
System control number (BD-RjUL)34686
040 ## - CATALOGING SOURCE
Original cataloging agency DLC
Transcribing agency DLC
Modifying agency OCL
-- BD-RjUL
Language of cataloging eng
041 ## - LANGUAGE CODE
Language code of text/sound track or separate title eng
082 ## - DEWEY DECIMAL CLASSIFICATION NUMBER
Classification number 307.14
Author mark and year BIE 1976
090 ## - LOCALLY ASSIGNED LC-TYPE CALL NUMBER (OCLC); LOCAL CALL NUMBER (OCLC)
Classification number (OCLC) (R) ; Classification number, CALL (RLIN) (NR) HN18
Local cutter number (OCLC) ; Book number/undivided call number, CALL (RLIN) .F682
100 1# - MAIN ENTRY--PERSONAL NAME
Personal name Biddle, William Wishart
Dates associated with a name 1900-
9 (RLIN) 105233
245 10 - TITLE STATEMENT
Title Encouraging community development :
Remainder of title a training guide for local workers /
Statement of responsibility, etc. [by] William W. Biddle, with the collaboration of Loureide J. Biddle.
250 ## - EDITION STATEMENT
Edition statement Indian ed.
260 ## - PUBLICATION, DISTRIBUTION, ETC. (IMPRINT)
Place of publication, distribution, etc. NewDelhi :
Name of publisher, distributor, etc. Light & Life Pub.,
Date of publication, distribution, etc. 1976.
300 ## - PHYSICAL DESCRIPTION
Pagination xii, 224 p. ;
Size 23 cm.
504 ## - BIBLIOGRAPHY, ETC. NOTE
Bibliography, etc Includes index and Bibliographical footnotes.
650 #0 - SUBJECT ADDED ENTRY--TOPICAL TERM
Topical term or geographic name as entry element Community development.
9 (RLIN) 105234
Topical term or geographic name as entry element Volunteer workers in social service.
9 (RLIN) 105235
700 10 - ADDED ENTRY--PERSONAL NAME
Personal name Biddle, Loureide J.,
Relator term joint author.
942 ## - ADDED ENTRY ELEMENTS (KOHA)
Source of classification or shelving scheme Dewey Decimal Classification
Koha item type Books
Holdings
Lost status Source of classification or shelving scheme Damaged status Not for loan Collection code Permanent Location Current Location Shelving location Date acquired Source of acquisition Cost, normal purchase price Total Checkouts Full call number Date last seen Copy number Koha item type
  Dewey Decimal Classification   Not For Loan Non-fiction Central Library, University of Rajshahi Central Library, University of Rajshahi Reading Room 05/03/1979 India Int. Calcata 8.50   307.14 BIE 1976 18/05/2014 C-1 Books
  Dewey Decimal Classification     Non-fiction Central Library, University of Rajshahi Central Library, University of Rajshahi   05/12/1983 Not Fount. 0.00   307.14 BIE 1976 19/05/2014 C-2 Books
  Dewey Decimal Classification     Non-fiction Central Library, University of Rajshahi Central Library, University of Rajshahi   28/02/1979 Indian International Calcuta 8.50   307.14 BIE 1976 18/06/2014 C-3 Books